000 00337nam a2200145 i 4500
001 bg
100 1 _aCZARNOWSKI, Kazimierz
245 0 _aPodstawy budownictwa /
_cK. Czarnowski.
260 _aWarszawa,
_c1983.
040 _cBPK
041 _apol
080 _a69+624](075.8)
942 _cKS
008 s pl f |000 0 pol
999 _c1897
_d1897
856 _uhttp://koha.tu.koszalin.pl/cgi-bin/koha/opac-detail.pl?biblionumber=1897
_yKatalog online BPK